000 00408nam a2200145Ia 4500
008 100122s9999 xx 000 0 und d
082 _b21238
_a940.53
100 _aBUTLER JAMES
245 _aHISTORY OF THE SECOND WORLD WAR
260 _bHER MAJESTY`S STATIONERY OFFICE
_c1961
300 _a494
630 _aHISTORY OF THE SECOND WORLD WAR
730 _aHISTORY OF THE SECOND WORLD WAR
942 _cBOOK
999 _c366770
_d366767